000 00348cam a2200145ua 4500
041 _aeng
_h
082 _a823.301
_bMAR/ST
100 _aMarshall, J.B.
245 _aStory of William Tell /
_cJ.B Marshall.
_hTextual Documents
260 _aLondon :
_bE J Arnold & Son Ltd.
300 _a97 ; .
504 _a
942 _cBK
999 _c3151
_d3151